Roman and greek characters - Statistics

Statistiche generali
  • Questo quiz è stato fatto 11 volte
  • Il punteggio medio è 5 su 16
Statistiche sulle risposte
Hint Risposta % Corretto
The first roman emperor Caesar Augustus
80%
The spartan king who fought the persians at the thermopylae Leonidas
80%
The king of Macedon which created the Phalanx Philip II
60%
The emperor who divided the empire into 4 parts Diocletian
50%
The general who conquered Gaul and became dictator for life Julius Caesar
50%
The politician who ruled Athens after the persian wars Pericles
50%
The philosopher who was tried and killed for his ideas Socrates
50%
The first king of Rome Romulus
40%
The macedonian king that conquered Persia Alexander the great
30%
The general who was called "The delayer" Quintus Fabius Maximus
30%
The general that extended the military conscription to everyone in the republic Gaius Marius
10%
The general who defeated Hannibal Scipio Africanus
10%
The general who defeated the spartans at Leuctra Epameinondas
0%
The roman warrior that defended a bridge alone to protect Rome against the etruscans Horatius Coclites
0%
The Author of "Ab urbe condita", an historical opera regarding the history of Rome since its foundation Livy
0%
The emperor that made Christianity the official religion of the whole empire Theodosius
0%
Nessun quiz corrispondente trovato
Distribuzione punteggi
Percentuale di utenti per punteggio
Percentile per numero di risposta
I tuoi punteggi nel tempo
Non hai fatto questo quiz